Devises de pays - Statistiques

Statistiques générales
  • Ce quiz a été pris 461 fois
  • Le résultat moyen est 7 sur 15
Statistiques - réponses
Hint Réponse % Correct
Tout pour la Norvège Norvège
94%
En Dieu nous croyons Etats-Unis
88%
Dieu et Tonga sont mon héritage Tonga
80%
D'un océan à l'autre Canada
71%
La patrie d'abord Mexique
53%
Un pour tous, Tous pour un Suisse
53%
Seule la vérité triomphe Inde
40%
La liberté ou la mort Grèce
31%
Profiter largement à l'humanité Corée du Sud
29%
Liberté, Egalité, Fraternité (à part la France) Haiti
28%
Nous voulons rester ce que nous sommes Luxembourg
25%
L'amour de la liberté nous a amené ici Libéria
24%
Agir ensemble Kenya
13%
Liberté Guatemala
12%
Que tombe la pluie Botswana
10%
Aucun quiz correspondant
Distribution des résultats
% des personnes avec chaque résultat
Percentile par nombre de réponses
Votre historique - résultats
Vous n’avez pas pris ce quiz